01402 2200337 4500001002100000005001500021035002000036245010700056100003000163300004700193700002700240260003000267082000800297084001400305020002200319650002200341520043200363008004100795990001900836990001900855990001900874990001900893990001900912990001900931990001900950990001900969990001900988990001901007990001901026990001901045INLIS00000000001465620250318091953 a0010-03250000331 aKumpulan inspirasi desain arsitektur rumah tumbuh vertikal dan horizontal /cYohanes Christianto Johan0 aYohanes Christianto Johan avi, 138 hlm.; 25 cm. :bilustrasi berwarna0 aErang Risanto (editor) aYogyakarta :bAndi,c2020 a729 a729 YOH k a978-623-01-0419-0 aDesain arsitektur aDalam buku Kumpulan Inspirasi Desain Arsitektur Rumah Tumbuh Vertikal dan Horizontal ini nantinya akan membahas dua jenis pengembangan rumah tumbuh sekaligus, karena masing-masing jenis pengembangan memiliki ciri khas dan karakter pengerjaan yang berbeda. Pembaca akan diajak untuk lebih memahami kedua jenis rumah tumbuh ini untuk kemudian bisa memutuskan desain yang paling tepat untuk diterapkan pada lahan yang dimilikinya.250318 e 0 ind  a024.3539/PC/24 a024.3540/PC/24 a024.3541/PC/24 a024.3541/PC/24 a024.3539/PC/24 a024.3540/PC/24 a024.3540/PC/24 a024.3539/PC/24 a024.3541/PC/24 a024.3539/PC/24 a024.3540/PC/24 a024.3541/PC/24